000 01011nas a2200349 4500
001 BR2013007294
003 BR-BrBNA
005 20231205122925.0
007 ta
008 230509b bl.|||p| |||| 00| 00por d
040 _aBR-BrBNA
_bpor
_cBiblioteca Nacional de Agricultura
041 _a(En)
072 _aL53
100 1 _aSilva, G.M.
100 1 _aAraujo, V.R.
100 1 _aDuarte, A.B.G.
100 1 _aChaves, R.N.
100 1 _aSilva, C.M.G.
100 1 _aLobo, C.H.
100 1 _aAlmeida, A.P.
100 1 _aMatos, M.H.T.
100 1 _aTavares, L.M.T.
100 1 _aCampelo, C.C.
100 1 _aFigueiredo, J.R.
245 1 _aAscorbic acid improves the survival and in vitro growth of isolated caprine preantral follicles
650 _aCAPRINO
650 _aOVARIO
650 _aACIDO ASCORBICO
773 0 _tAnimal Reproduction (Brazil)
_xISSN 1806-9614
_g(Jan-Jun 2011), v. 8(1-2) p. 14-24
_wBR2013007294
909 _a202311
_bLúcia
_c55
_dLúcia Elande
942 _2AGRIS
_n0
_cANA
999 _c231281
_d231281